[Event "Muensterland Verbandsliga 1112"]
[Site "Germany"]
[Date "2012.01.07"]
[Round "5.6"]
[White "Wigger, Reiner"]
[Black "Berning, Thomas"]
[Result "1/2-1/2"]
[WhiteElo "1865"]
[BlackElo "1774"]
[PlyCount "57"]
[EventDate "2011.09.24"]
[EventType "team-tourn"]
[EventRounds "9"]
[EventCountry "GER"]
[SourceTitle "EXT 2013"]
[Source "ChessBase"]
[SourceDate "2012.11.22"]
[SourceVersion "1"]
[SourceVersionDate "2012.11.22"]
[SourceQuality "1"]
[WhiteTeam "Muenster Indische Dame"]
[BlackTeam "Ostbevern Westbevern"]
[WhiteTeamCountry "GER"]
[BlackTeamCountry "GER"]

1. e4 d6 2. d4 Nf6 3. Nc3 c6 4. f4 Qa5 5. Bd3 e5 6. Nf3 Nbd7 7. Be3 exd4 8. Nxd4 Nc5 9. 0-0 Nxd3 10. cxd3 Be7 11. Qd2 Ng4 12. Nb3 Qh5 13. h3 Nxe3 14. Qxe3 0-0 15. d4 Qh6 16. d5 c5 17. Nd2 Bd7 18. a4 Rfe8 19. Qd3 a6 20. Nc4 Bd8 21. e5 Bc7 22. Rae1 b5 23. axb5 axb5 24. Nxd6 Bxd6 25. exd6 Qxd6 26. Ne4 Qc7 27. Qc3 c4 28. Qd4 Rac8 29. Rc1 1/2-1/2

[Event "Muensterland Verbandsliga 1112"]
[Site "Germany"]
[Date "2011.11.19"]
[Round "3.7"]
[White "Berning, Thomas"]
[Black "Sparwel, Oliver"]
[Result "1-0"]
[WhiteElo "1774"]
[BlackElo "1993"]
[PlyCount "71"]
[EventDate "2011.09.24"]
[EventType "team-tourn"]
[EventRounds "9"]
[EventCountry "GER"]
[SourceTitle "EXT 2013"]
[Source "ChessBase"]
[SourceDate "2012.11.22"]
[SourceVersion "1"]
[SourceVersionDate "2012.11.22"]
[SourceQuality "1"]
[WhiteTeam "Ostbevern Westbevern"]
[BlackTeam "Suedlohn"]
[WhiteTeamCountry "GER"]
[BlackTeamCountry "GER"]

1. e4 d6 2. d4 Nf6 3. Nc3 c6 4. f4 Qa5 5. Qd3 e5 6. Nf3 Nbd7 7. Be2 exd4 8. Qxd4 d5 9. exd5 Bc5 10. Qd3 0-0 11. Bd2 Bb4 12. a3 cxd5 13. 0-0 Qb6+ 14. Kh1 Bxc3 15. Bxc3 Ne4 16. Bd4 Qh6 17. Ne5 f5 18. Nxd7 Bxd7 19. Kg1 a6 20. Qd1 Rac8 21. Be5 Qb6+ 22. Bd4 Qa5 23. Rc1 Be6 24. Rf3 Rc6 25. Bd3 Qd2 26. Qf1 Rfc8 27. b4 Rc3 28. Rd1 Rxd3 29. cxd3 Qa2 30. dxe4 dxe4 31. Rg3 g6 32. Rc3 Rxc3 33. Bxc3 Qxa3 34. Qe1 Qb3 35. Qd2 Bc4 36. Qd8+ 1-0

[Event "Muensterland Verbandsliga 1011"]
[Site "Germany"]
[Date "2010.10.30"]
[Round "2.8"]
[White "Berning, Thomas"]
[Black "Vestrick, Frank"]
[Result "1/2-1/2"]
[WhiteElo "1771"]
[BlackElo "1631"]
[PlyCount "66"]
[EventDate "2010.09.25"]
[EventType "team-tourn"]
[EventRounds "9"]
[EventCountry "GER"]
[SourceTitle "EXT 2012"]
[Source "ChessBase"]
[SourceDate "2011.11.24"]
[SourceVersion "1"]
[SourceVersionDate "2011.11.24"]
[SourceQuality "1"]
[WhiteTeam "Ostbevern Westbevern"]
[BlackTeam "Heiden"]
[WhiteTeamCountry "GER"]
[BlackTeamCountry "GER"]

1. e4 e6 2. d4 d5 3. e5 c5 4. c3 Nc6 5. Nf3 Qb6 6. Be2 cxd4 7. cxd4 Nh6 8. Nc3 Nf5 9. Na4 Bb4+ 10. Bd2 Qa5 11. Bc3 b5 12. a3 Bxc3+ 13. Nxc3 b4 14. Bb5 Bd7 15. Bxc6 Bxc6 16. axb4 Qxb4 17. Qd2 0-0 18. 0-0 Rfc8 19. Rfc1 a5 20. g4 Ne7 21. Rc2 Bd7 22. Rac1 Qb3 23. Kg2 Rc4 24. Nd1 Bb5 25. Ne3 Rxc2 26. Qxc2 Qd3 27. Qc5 Ng6 28. Rc3 Qe4 29. Kg3 Be2 30. Ng2 Bxf3 31. Rxf3 Nxe5 32. dxe5 Qxe5+ 33. Kh3 Qxb2 1/2-1/2

[Event "Muensterland Verbandsliga 0910"]
[Site "Germany"]
[Date "2010.01.16"]
[Round "5.8"]
[White "Berning, Thomas"]
[Black "Tepasse, Wilhelm"]
[Result "1/2-1/2"]
[WhiteElo "1759"]
[BlackElo "1808"]
[PlyCount "100"]
[EventDate "2009.09.26"]
[EventType "team-tourn"]
[EventRounds "9"]
[EventCountry "GER"]
[SourceTitle "EXT 2011"]
[Source "ChessBase"]
[SourceDate "2010.11.26"]
[SourceVersion "1"]
[SourceVersionDate "2010.11.26"]
[SourceQuality "1"]
[WhiteTeam "Ostbevern Westbevern"]
[BlackTeam "Bocholt"]
[WhiteTeamCountry "GER"]
[BlackTeamCountry "GER"]

1. e4 c6 2. d4 d5 3. Nc3 dxe4 4. Nxe4 Nd7 5. Nf3 Ngf6 6. Nxf6+ Nxf6 7. h3 Bf5 8. Bd3 Bxd3 9. Qxd3 e6 10. 0-0 Be7 11. Bg5 0-0 12. Rad1 Nd5 13. Bxe7 Qxe7 14. Rfe1 Nf4 15. Qe4 Qf6 16. Re3 Ng6 17. Rdd3 Qf4 18. g3 Qxe4 19. Rxe4 Rfd8 20. h4 Rd5 21. Kf1 Rad8 22. Ra3 Rb5 23. b3 a6 24. c4 Rf5 25. Ke2 h5 26. b4 Kf8 27. Ke3 Ke7 28. Ke2 Kd6 29. Ng5 Ke7 30. f3 Rd7 31. Nh3 Rf6 32. Ra5 Kf8 33. Rxh5 b5 34. Rc5 Rd6 35. Ng5 Kg8 36. cxb5 axb5 37. f4 Ne7 38. Kd3 Nf5 39. Kc3 Nxg3 40. Re3 Rxf4 41. Rxg3 Rxh4 42. Rd3 f6 43. Nf3 Rh1 44. Kc2 g5 45. Nxg5 Rh2+ 46. Kc3 fxg5 47. Rxg5+ Kf7 48. Rf3+ Ke8 49. Rg8+ Ke7 50. Rg7+ Ke8 1/2-1/2

[Event "Muensterland Verbandsliga 0708"]
[Site "Germany"]
[Date "2008.04.26"]
[Round "9.8"]
[White "Berning, Thomas"]
[Black "Thesing, Gregor"]
[Result "1/2-1/2"]
[WhiteElo "1816"]
[BlackElo "1671"]
[PlyCount "109"]
[EventDate "2007.09.08"]
[EventType "team-tourn"]
[EventRounds "9"]
[EventCountry "GER"]
[SourceTitle "EXT 2009"]
[Source "ChessBase"]
[SourceDate "2008.11.26"]
[SourceVersion "1"]
[SourceVersionDate "2008.11.26"]
[SourceQuality "1"]
[WhiteTeam "Westbevern"]
[BlackTeam "Heiden"]
[WhiteTeamCountry "GER"]
[BlackTeamCountry "GER"]

1. e4 e5 2. Nf3 Nc6 3. Bb5 a6 4. Ba4 Be7 5. 0-0 Nf6 6. Re1 d6 7. h3 0-0 8. c3 b5 9. Bc2 h6 10. d4 Re8 11. Nbd2 Nh7 12. Nf1 Bd7 13. Ng3 Ng5 14. Be3 Rc8 15. Nf5 Bf6 16. h4 Nxf3+ 17. Qxf3 Bxf5 18. exf5 Ne7 19. dxe5 dxe5 20. Be4 Rb8 21. Ba7 Ra8 22. Bxa8 Qxa8 23. Qxa8 Rxa8 24. Bc5 Nxf5 25. g3 Rd8 26. Rad1 Nd6 27. Bxd6 cxd6 28. Rd5 Be7 29. Kg2 f6 30. f4 Kf7 31. f5 g6 32. g4 Rc8 33. Re4 Rg8 34. Kf2 h5 35. a4 hxg4 36. Rxg4 bxa4 37. fxg6+ Ke6 38. Rd1 f5 39. Rxa4 Rxg6 40. Rh1 Rg8 41. Rxa6 Rb8 42. b4 e4 43. h5 Rc8 44. Rh3 Bf6 45. Ra3 f4 46. h6 Kf5 47. b5 Kg4 48. Rh1 d5 49. b6 d4 50. b7 Rb8 51. Rg1+ Kh5 52. Ra5+ Kh4 53. Rh1+ Kg4 54. Rg1+ Kh4 55. Rh1+ 1/2-1/2

[Event "Muensterland Verbandsklasse-B 0506"]
[Site "Germany"]
[Date "2005.11.05"]
[Round "2.2"]
[White "Berning, Thomas"]
[Black "Pollok, Ralf"]
[Result "0-1"]
[WhiteElo "1795"]
[BlackElo "2021"]
[PlyCount "60"]
[EventDate "2005.09.03"]
[EventType "team-tourn"]
[EventRounds "9"]
[EventCountry "GER"]
[SourceTitle "EXT 2006"]
[Source "ChessBase"]
[SourceDate "2005.11.24"]
[SourceVersion "1"]
[SourceVersionDate "2005.11.24"]
[SourceQuality "1"]
[WhiteTeam "Westbevern II"]
[BlackTeam "Raesfeld Erle"]
[WhiteTeamCountry "GER"]
[BlackTeamCountry "GER"]

1. e4 c5 2. Nf3 Nc6 3. d4 cxd4 4. Nxd4 Nf6 5. Nc3 e5 6. Ndb5 d6 7. Bd3 a6 8. Na3 b5 9. Ne2 d5 10. Ng3 g6 11. 0-0 Bg7 12. Bg5 b4 13. Nb1 Be6 14. a3 h6 15. Bd2 b3 16. cxb3 0-0 17. exd5 Nxd5 18. Nc3 Nxc3 19. Bxc3 Bxb3 20. Qxb3 Qxd3 21. Rad1 Qb5 22. Qxb5 axb5 23. Rd5 Rfb8 24. Rfd1 Ra4 25. Kf1 Rc4 26. Ne2 Nd4 27. Nxd4 b4 28. Bxb4 exd4 29. Rd2 Re8 30. Bc5 Rc1+ 0-1

[Event "Muensterland Verbandsklasse-B 0405"]
[Site "Muensterland"]
[Date "2005.03.19"]
[Round "8.4"]
[White "Berning, Thomas"]
[Black "Roos, Wilfried"]
[Result "1-0"]
[WhiteElo "1795"]
[BlackElo "1713"]
[PlyCount "65"]
[EventDate "2004.09.11"]
[EventType "team-tourn"]
[EventRounds "9"]
[EventCountry "GER"]
[SourceTitle "EXT 2006"]
[Source "ChessBase"]
[SourceDate "2005.11.24"]
[SourceVersion "1"]
[SourceVersionDate "2005.11.24"]
[SourceQuality "1"]
[WhiteTeam "Westbevern II"]
[BlackTeam "Saerbeck II"]
[WhiteTeamCountry "GER"]
[BlackTeamCountry "GER"]

1. e4 c5 2. Nf3 d6 3. d4 cxd4 4. Nxd4 Nf6 5. Nc3 g6 6. Be2 Bg7 7. Be3 Nc6 8. g4 Ne5 9. Rg1 Qa5 10. Nb3 Qd8 11. g5 Nfd7 12. f4 Nc6 13. Qd2 Na5 14. Nd4 Nb6 15. b3 Bd7 16. 0-0-0 Rc8 17. Ncb5 Nc6 18. f5 0-0 19. f6 exf6 20. Nxd6 Qe7 21. Nxc8 Rxc8 22. Nxc6 Qa3+ 23. Kb1 Rxc6 24. Bxb6 f5 25. Bd4 Rd6 26. c3 fxe4 27. Qb2 Qa5 28. Bxg7 Rxd1+ 29. Rxd1 Kxg7 30. c4+ Kf8 31. Rxd7 Qe1+ 32. Bd1 Ke8 33. Qd4 1-0

[Event "Muensterland Verbandsklasse-B 0304"]
[Site "Germany"]
[Date "2003.09.20"]
[Round "1.5"]
[White "Berning, Thomas"]
[Black "Boelker, Franz"]
[Result "0-1"]
[WhiteElo "1804"]
[BlackElo "1874"]
[PlyCount "61"]
[EventDate "2003.09.20"]
[EventType "team-tourn"]
[EventRounds "9"]
[EventCountry "GER"]
[SourceTitle "EXT 2005"]
[Source "ChessBase"]
[SourceDate "2004.11.15"]
[SourceVersion "1"]
[SourceVersionDate "2004.11.15"]
[SourceQuality "1"]
[WhiteTeam "Westbevern II"]
[BlackTeam "Raesfeld Erle"]
[WhiteTeamCountry "GER"]
[BlackTeamCountry "GER"]

1. e4 c5 2. Nf3 d6 3. d4 cxd4 4. Nxd4 Nf6 5. Nc3 a6 6. Be2 e6 7. Be3 Be7 8. Qd2 Qc7 9. g4 Nc6 10. g5 Nd7 11. h4 b5 12. 0-0-0 Bb7 13. f3 Nc5 14. a3 Ne5 15. h5 0-0-0 16. Rh3 Qa5 17. Kb1 Nc4 18. Bxc4 bxc4 19. Qe2 d5 20. exd5 exd5 21. Nf5 Bf8 22. Qf2 Na4 23. Nxa4 Qxa4 24. Bc5 Qd7 25. Bxf8 Rhxf8 26. Rxd5 Bxd5 27. Qc5+ Kb8 28. Rh4 Qc6 29. Qb4+ Qb5 30. Qe7 Rfe8 31. Qb4 0-1

[Event "Muensterland Verbandsklasse-B 0203"]
[Site "Muensterland"]
[Date "2003.02.15"]
[Round "6.5"]
[White "Berning, Thomas"]
[Black "Hoeing, Juergen"]
[Result "1-0"]
[WhiteElo "1812"]
[BlackElo "1840"]
[PlyCount "51"]
[EventDate "2002.09.28"]
[EventType "team-tourn"]
[EventRounds "9"]
[EventCountry "GER"]
[SourceTitle "EXT 2004"]
[Source "ChessBase"]
[SourceDate "2003.11.25"]
[SourceVersion "1"]
[SourceVersionDate "2003.11.25"]
[SourceQuality "1"]
[WhiteTeam "Westbevern II"]
[BlackTeam "Steinfurt"]
[WhiteTeamCountry "GER"]
[BlackTeamCountry "GER"]

1. e4 c5 2. Nf3 d6 3. d4 cxd4 4. Nxd4 Nf6 5. Nc3 a6 6. Be2 e6 7. Be3 Be7 8. Qd2 0-0 9. g4 Qc7 10. g5 Nfd7 11. h4 b5 12. a3 Bb7 13. h5 g6 14. 0-0-0 Nc6 15. hxg6 hxg6 16. f4 Nxd4 17. Bxd4 e5 18. Bg4 Kg7 19. Bxd7 Qxd7 20. Bxe5+ f6 21. gxf6+ Bxf6 22. Bxf6+ Rxf6 23. Qh2 Rf7 24. Qh6+ Kf6 25. e5+ Ke7 26. exd6+ 1-0